[Event "Budapest FS04 IM"]
[Site "Budapest"]
[Date "2024.04.06"]
[Round "1"]
[White "Orujov, Farid"]
[Black "Neverov, Valeriy"]
[Result "1/2-1/2"]
[WhiteElo "2258"]
[BlackElo "2405"]
[PlyCount "73"]
[EventDate "2024.04.06"]
[EventType "tourn"]
[EventRounds "9"]
[EventCountry "HUN"]
[EventCategory "2"]
[SourceTitle "CB16_2024"]
[SourceDate "2024.04.17"]
[SourceVersion "1"]
[SourceVersionDate "2024.04.17"]
[SourceQuality "1"]

1. e4 c5 2. Nf3 Nc6 3. d4 cxd4 4. Nxd4 Nf6 5. Nc3 d6 6. Bg5 e6 7. Qd2 a6 8. 0-0-0 Bd7 9. f4 b5 10. Bxf6 gxf6 11. Nxc6 Bxc6 12. Bd3 Qb6 13. f5 0-0-0 14. fxe6 fxe6 15. Rhf1 Be7 16. Qe2 Kb8 17. Nd5 Qa7 18. Nxf6 Qc5 19. Qg4 Qe5 20. Qf4 Qxf4+ 21. Rxf4 h5 22. Rdf1 Rh6 23. Kd1 Rdh8 24. g3 Rg6 25. e5 dxe5 26. Bxg6 exf4 27. Rxf4 e5 28. Rf2 Rd8+ 29. Ke1 Rd6 30. Ng8 Bg5 31. Bxh5 e4 32. h4 Bc1 33. Rf6 Rxf6 34. Nxf6 Bxb2 35. Ng4 Bd5 36. Bg6 a5 37. Be8 1/2-1/2

[Event "Budapest FS03 GM-2"]
[Site "Budapest"]
[Date "2024.03.14"]
[Round "1"]
[White "Pribelszky, Bence"]
[Black "Neverov, Valeriy"]
[Result "1/2-1/2"]
[WhiteElo "2354"]
[BlackElo "2423"]
[PlyCount "109"]
[EventDate "2024.03.14"]
[EventType "tourn"]
[EventRounds "9"]
[EventCountry "HUN"]
[EventCategory "7"]
[SourceTitle "CB15_2024"]
[SourceDate "2024.04.10"]
[SourceVersion "1"]
[SourceVersionDate "2024.04.10"]
[SourceQuality "1"]

1. e4 c5 2. Nf3 d6 3. d4 cxd4 4. Nxd4 Nf6 5. Nc3 a6 6. h3 e6 7. g4 h6 8. Bg2 Qc7 9. Be3 Nc6 10. f4 Bd7 11. Qf3 Be7 12. 0-0 0-0 13. Nde2 Nb4 14. Rac1 d5 15. e5 Ne4 16. a3 Nxc3 17. Nxc3 Nc6 18. Ne2 f6 19. exf6 Bxf6 20. c3 Rad8 21. Qf2 Rde8 22. Qe1 Ne7 23. h4 Bb5 24. h5 g6 25. Rf3 gxh5 26. g5 hxg5 27. fxg5 Be5 28. Nf4 Bxf4 29. Bxf4 Qb6+ 30. Be3 Qd6 31. Rh3 Nf5 32. Bf2 Re7 33. Rxh5 Rg7 34. c4 Be8 35. Rh3 d4 36. c5 Qf4 37. Rd1 Qxg5 38. Qxe6+ Bf7 39. Qe4 Re8 40. Qf3 Re2 41. Qxb7 Be6 42. Qa8+ Kf7 43. Rf1 Qxg2+ 44. Qxg2 Rxg2+ 45. Kxg2 Ne3+ 46. Rxe3 dxe3 47. Kf3 Rxf2+ 48. Rxf2 exf2 49. Kxf2 Bb3 50. Ke3 Ke6 51. Kd2 a5 52. a4 Bxa4 53. Kc3 Bc6 54. b4 a4 55. Kb2 1/2-1/2

[Event "Budapest FS02 IM"]
[Site "Budapest"]
[Date "2024.02.12"]
[Round "8"]
[White "Neverov, Valeriy"]
[Black "Xu, Yang1"]
[Result "1/2-1/2"]
[WhiteElo "2438"]
[BlackElo "2149"]
[PlyCount "65"]
[EventDate "2024.02.03"]
[EventType "schev"]
[EventRounds "9"]
[EventCountry "HUN"]
[SourceTitle "CB08_2024"]
[SourceDate "2024.02.21"]
[SourceVersion "1"]
[SourceVersionDate "2024.02.21"]
[SourceQuality "1"]

1. c4 e5 2. Nc3 Nf6 3. Nf3 Nc6 4. d3 Bb4 5. Bd2 0-0 6. e3 d6 7. Be2 Ne7 8. 0-0 c6 9. Ne4 Bxd2 10. Nxf6+ gxf6 11. Nxd2 Ng6 12. d4 Qe7 13. Kh1 f5 14. f4 exf4 15. exf4 Qe3 16. Rf3 Qxd4 17. Nb3 Qxd1+ 18. Rxd1 Re8 19. Bf1 c5 20. Rxd6 b6 21. Kg1 Bb7 22. Rf2 Rad8 23. Rxd8 Rxd8 24. g3 Rd1 25. Rc2 a5 26. Rc1 Rd6 27. Re1 Be4 28. Kf2 a4 29. Nc1 Rd2+ 30. Re2 Rd1 31. Re1 Rd2+ 32. Re2 Rd1 33. Re1 1/2-1/2

[Event "Budapest Vezerkepzo GM New Year"]
[Site "Budapest"]
[Date "2024.01.07"]
[Round "3"]
[White "Neverov, Valeriy"]
[Black "Sai, Krishna GV"]
[Result "1/2-1/2"]
[WhiteElo "2406"]
[BlackElo "2370"]
[PlyCount "79"]
[EventDate "2024.01.05"]
[EventType "tourn"]
[EventRounds "9"]
[EventCountry "HUN"]
[EventCategory "6"]
[SourceTitle "CB03_2024"]
[SourceDate "2024.01.17"]
[SourceVersion "1"]
[SourceVersionDate "2024.01.17"]
[SourceQuality "1"]

1. d4 Nf6 2. c4 g6 3. Nc3 Bg7 4. e4 d6 5. f3 0-0 6. Be3 Nc6 7. Qd2 a6 8. Nge2 Rb8 9. Rc1 Bd7 10. g3 b5 11. cxb5 axb5 12. Bg2 e5 13. d5 Na5 14. b3 b4 15. Nd1 Bb5 16. Qxb4 Nxb3 17. Qxb3 Bxe2 18. Qc2 Bxd1 19. Rxd1 Nd7 20. 0-0 Rb5 21. a4 Ra5 22. Ra1 Nc5 23. Bd2 Ra7 24. a5 f5 25. Be3 Qe7 26. Rfc1 Rfa8 27. Bxc5 dxc5 28. Qxc5 Qxc5+ 29. Rxc5 Bh6 30. Kf2 Bd2 31. a6 Rxa6 32. Rxa6 Rxa6 33. Rxc7 Ra2 34. Rc8+ Kf7 35. Bh3 Ba5+ 36. Kf1 Ra1+ 37. Ke2 Ra2+ 38. Kf1 Ra1+ 39. Ke2 Ra2+ 40. Kf1 1/2-1/2

[Event "Budapest Vezerkepzo GM Christmas"]
[Site "Budapest"]
[Date "2024.01.01"]
[Round "7"]
[White "Neverov, Valeriy"]
[Black "Tancsa, Tamas"]
[Result "0-1"]
[WhiteElo "2394"]
[BlackElo "2337"]
[PlyCount "148"]
[EventDate "2023.12.26"]
[EventType "tourn"]
[EventRounds "9"]
[EventCountry "HUN"]
[EventCategory "6"]
[SourceTitle "CB02_2024"]
[SourceDate "2024.01.10"]
[SourceVersion "1"]
[SourceVersionDate "2024.01.10"]
[SourceQuality "1"]

1. c4 c5 2. Nc3 Nc6 3. g3 g6 4. Bg2 Bg7 5. d3 e5 6. a3 a5 7. e3 Nge7 8. Nge2 d6 9. 0-0 0-0 10. Bd2 Rb8 11. Qc2 Be6 12. f4 d5 13. cxd5 Nxd5 14. Nxd5 Bxd5 15. e4 Be6 16. f5 c4 17. fxe6 cxd3 18. exf7+ Kh8 19. Qd1 Qb6+ 20. Kh1 dxe2 21. Qxe2 Qxb2 22. Qe1 Qb3 23. Rf3 Qe6 24. Bxa5 Nd4 25. Rf2 Rxf7 26. Bh3 Qe8 27. Rxf7 Qxf7 28. Qc3 b5 29. Rf1 Qb7 30. Qc7 Qxc7 31. Bxc7 Ra8 32. Bd6 Ra6 33. Bb4 Rc6 34. Bd7 Rc7 35. Be8 Rc8 36. Bf7 Bf8 37. Bd5 Bxb4 38. axb4 Rc2 39. h4 h5 40. Rf8+ Kg7 41. Rf7+ Kh6 42. Kg1 Rb2 43. Re7 Nf3+ 44. Kf1 Nh2+ 45. Ke1 Rxb4 46. Kd2 Rd4+ 47. Kc3 b4+ 48. Kb3 Nf3 49. Ka4 Rd2 50. Rf7 Nh2 51. Re7 Nf3 52. Rf7 Ne1 53. Re7 Nd3 54. Bg8 g5 55. Bd5 gxh4 56. gxh4 Rh2 57. Re6+ Kg7 58. Re7+ Kf8 59. Rf7+ Ke8 60. Rf5 Rxh4 61. Bc6+ Ke7 62. Bb5 Nc5+ 63. Kxb4 Nxe4 64. Kb3 Ke6 65. Rf8 Nd6 66. Bc6 e4 67. Rh8 Ke5 68. Kc3 Rh3+ 69. Kd2 h4 70. Ke2 Rh2+ 71. Kf1 e3 72. Bg2 e2+ 73. Kxe2 Rxg2+ 74. Kf3 Rg3+ 0-1

[Event "Budapest Vezerkepzo GM Christmas"]
[Site "Budapest"]
[Date "2023.12.30"]
[Round "5"]
[White "Sai, Krishna GV"]
[Black "Neverov, Valeriy"]
[Result "0-1"]
[WhiteElo "2371"]
[BlackElo "2394"]
[PlyCount "68"]
[EventDate "2023.12.26"]
[EventType "tourn"]
[EventRounds "9"]
[EventCountry "HUN"]
[EventCategory "6"]
[SourceTitle "CB02_2024"]
[SourceDate "2024.01.10"]
[SourceVersion "1"]
[SourceVersionDate "2024.01.10"]
[SourceQuality "1"]

1. e4 c5 2. Nf3 d6 3. d4 cxd4 4. Nxd4 Nf6 5. Nc3 a6 6. Bg5 e6 7. f4 Be7 8. Qf3 Qc7 9. 0-0-0 Nbd7 10. g4 h6 11. Bxf6 Bxf6 12. h4 Qb6 13. Nde2 Nc5 14. g5 Be7 15. g6 0-0 16. gxf7+ Rxf7 17. Rg1 Bd7 18. Bh3 Rc8 19. Rg6 Bf6 20. Rdg1 Kf8 21. Qg3 Nxe4 22. Qd3 Nxc3 23. Nxc3 Qd4 24. Qg3 Rc4 25. f5 Be5 26. Qe1 exf5 27. Nd1 Qxh4 28. Qa5 Ra4 29. Qc7 Rxa2 30. Qb8+ Be8 31. Re6 Ra1+ 32. Kd2 Qd4+ 33. Ke2 Qc4+ 34. Kf2 Qxe6 0-1

[Event "Budapest Vezerkepzo GM 12"]
[Site "Budapest"]
[Date "2023.12.18"]
[Round "5"]
[White "Neverov, Valeriy"]
[Black "Mohammad, Nubairshah Shaikh"]
[Result "1-0"]
[WhiteElo "2394"]
[BlackElo "2434"]
[PlyCount "103"]
[EventDate "2023.12.14"]
[EventType "tourn"]
[EventRounds "9"]
[EventCountry "HUN"]
[EventCategory "6"]
[SourceTitle "CB52_2023"]
[SourceDate "2023.12.27"]
[SourceVersion "1"]
[SourceVersionDate "2023.12.27"]
[SourceQuality "1"]

1. d4 Nf6 2. c4 g6 3. Nc3 Bg7 4. e4 d6 5. Be2 Na6 6. Nf3 0-0 7. 0-0 e5 8. Re1 c6 9. Bf1 exd4 10. Nxd4 Ng4 11. h3 Qb6 12. hxg4 Qxd4 13. Qxd4 Bxd4 14. g5 Nc5 15. Be3 Bxc3 16. bxc3 Nxe4 17. f3 Ng3 18. Bf4 Nxf1 19. Bxd6 Ng3 20. Bxg3 Be6 21. Re4 Rfd8 22. Be5 Bf5 23. Rd4 c5 24. Rd5 Rdc8 25. Bf6 Be6 26. Re5 Bxc4 27. Re4 b5 28. Rh4 Rc6 29. a4 Ra6 30. Kf2 h5 31. g4 Re8 32. gxh5 Kh7 33. hxg6+ Kxg6 34. Rf4 Re2+ 35. Kg3 Ree6 36. Rh1 Rxf6 37. gxf6 Rxa4 38. Rh8 Bd3 39. Rg8+ Kh6 40. Rh8+ Kg5 41. Rg8+ Kh6 42. Rfg4 Rxg4+ 43. fxg4 Bg6 44. Kh4 Kh7 45. Rg7+ Kh8 46. Kg5 b4 47. Rxg6 fxg6 48. Kxg6 Kg8 49. f7+ Kf8 50. Kf6 bxc3 51. g5 c2 52. g6 1-0

[Event "Budapest Vezerkepzo Autumn IM"]
[Site "Budapest"]
[Date "2023.10.27"]
[Round "9"]
[White "Neverov, Valeriy"]
[Black "Toth, Lili1"]
[Result "1-0"]
[WhiteElo "2387"]
[BlackElo "1950"]
[PlyCount "83"]
[EventDate "2023.10.19"]
[EventType "tourn"]
[EventRounds "9"]
[EventCountry "HUN"]
[SourceTitle "Mega2024 Update 01"]
[Source "Chessbase"]
[SourceDate "2023.11.12"]
[SourceVersion "1"]
[SourceVersionDate "2023.11.12"]
[SourceQuality "1"]

1. c4 e5 2. Nc3 Nf6 3. g3 c6 4. d4 exd4 5. Qxd4 d5 6. Nf3 Be7 7. cxd5 cxd5 8. Bg2 Nc6 9. Qa4 0-0 10. 0-0 Qb6 11. Qb5 Qxb5 12. Nxb5 Bf5 13. Be3 Ng4 14. Bf4 Be4 15. h3 Nf6 16. Rac1 h6 17. Nbd4 Nxd4 18. Nxd4 Rac8 19. Rfd1 Rfe8 20. e3 Bc5 21. Nb5 Bxg2 22. Kxg2 Rc6 23. Nc7 Rd8 24. Be5 Be7 25. Nb5 a6 26. Rxc6 bxc6 27. Na7 Bc5 28. Bxf6 gxf6 29. Nxc6 Rc8 30. Rc1 Rxc6 31. b4 Kf8 32. Rxc5 Rxc5 33. bxc5 Ke7 34. Kf3 Kd7 35. Kf4 Kc6 36. Kf5 Kxc5 37. Kxf6 a5 38. Kxf7 a4 39. g4 Kb4 40. h4 Ka3 41. g5 hxg5 42. hxg5 1-0